000
00247 a2200097 4500
001
14548
100
_a
Muhammad Imran Khan Nadvi
245
_a
Mushir Ahle Elm ki Mahsin Kitaby
260
_a
Karachi
_b
Majlis Nashryat Islam
_c
090
_c
11377
_d
11377
942
_a
NUST-CAE
_c
M
_c
1533
999
_c
249621
_d
249621